000 00558cab a2200181 4500
001 ABS37785
008 090401t xxu||||| |||| 00| 0 eng d
035 _a(Sirsi) u6737
041 _aeng
100 _aMacpherson, I.
245 _aReal value for money
350 _a0
490 _aBuilding
_v252(7499) 62-63(2)
520 _aDescribes a new system of cost control , that of value engineering , which Bovis is using on the Broadgate project in order to keep costs down.
690 _aBUILT ENVIRONMENT-BUILDING COSTS
942 _n0
948 _c04/03/1997
999 _c4012
_d4012